000 00725nam a2200241 a 4500
008
020 _a978087893866 (hbk.)
049 _aMAIN
090 0 1 _aQK711.2
_bTAI
100 _aTaiz, Lincoln.
245 0 0 _aPlant physiology /
_cLincoln Taiz [and] Eduardo Zeiger.
260 _aSunderland :
_bSinauer Associates,
_c2010.
300 _axxxiv, 782 [137] p. :
_bill. (some col.) ;
_c28 cm.
504 _aIncludes bibliographical references.
500 _aIncludes index.
650 0 _aPlant physiology.
700 _aZeiger, Eduardo.
907 _a.b10352703
_b02-12-14
_c02-12-14
003
005 20241118142617.0
040 _cNUST
942 _cBOOKS
_kQK711.2
_mTAI
_03
999 _c128322
_d128322